Presidents of Iran - Statistics

General Stats
  • This quiz has been taken 11 times
  • The average score is 7 of 10
Answer Stats
Years Served Party Arabic Name Answer % Correct
2024 - Present Independent مسعود پزشکیان Masoud Pezeshkian
100%
2021 - 2024 Combatant Clergy Association ابراهیم رئیسی Ebrahim Raisi
90%
1981 - 1989 Combatant Clergy Association علی خامنه ای Ali Khamenei
80%
2012 - 2021 Moderation and Development حسن روحانی Hassan Rouhani
80%
2005 - 2013 Alliance of Builders محمود احمدی‌نژاد Mahmoud Ahmadinejad
80%
1989 - 1997 Combatant Clergy Association اکبر هاشمی رفسنجانی Akbar Hashemi Rafsanjani
50%
1997 - 2005 Association of Combatant Clerics محمد خاتمی Mohammad Khatami
50%
(Acting) 2024 Independent محمد مخبر Mohammad Mokhber
50%
1980 - 1981 Independent سید ابوالحسن بنی‌صدر Abolhassan Banisadr
40%
1981 Islamic Association of Teachers محمدعلی رجائی Mohammad-Ali Rajai
30%
No matching quizzes found
Score Distribution
Percent of People with Each Score
Percentile by Number Answered
Your Score History
You have not taken this quiz